| 000 | 00347nam a2200133Ia 4500 | ||
|---|---|---|---|
| 005 | 20251222144803.0 | ||
| 008 | 251222s9999||||xx |||||||||||||| ||spa|| | ||
| 082 | _a382.098.504/B74/Ej.2 | ||
| 100 | _aBorgoño Barros, María Olga | ||
| 245 | 0 | _aPlata del Perú | |
| 250 | _a1ra.ed. | ||
| 264 | _bMinisterio de Relaciones Exteriores | ||
| 942 | _cLIB | ||
| 999 |
_c19791 _d19791 |
||